Catálogo público

Alimentación de las aves / (Record no. 167369)

MARC details
000 -CABECERA
campo de control de longitud fija 00994nam a2200337Ia 4500
001 - NÚMERO DE CONTROL
campo de control Z_4303
003 - IDENTIFICADOR DEL NÚMERO DE CONTROL
campo de control CHAP
008 - DATOS DE LONGITUD FIJA--INFORMACIÓN GENERAL
campo de control de longitud fija 220113s9999 xx 000 0 und d
010 ## - NÚMERO DE CONTROL DE LA BIBLIOTECA DEL CONGRESO
Número de control de LC 167369
020 ## - NÚMERO INTERNACIONAL ESTÁNDAR DEL LIBRO
Número Internacional Estándar del Libro 968-24-1831-3
040 ## - FUENTE DE LA CATALOGACIÓN
Centro/agencia transcriptor CHAP
082 ## - NÚMERO DE LA CLASIFICACIÓN DECIMAL DEWEY
Número de clasificación 636.50852 A95
100 ## - ENTRADA PRINCIPAL--NOMBRE DE PERSONA
Nombre de persona Avila González, Ernesto
9 (RLIN) 8790
245 ## - MENCIÓN DE TÍTULO
Título Alimentación de las aves /
Mención de responsabilidad, etc. Ernesto Ávila González
260 ## - PUBLICACIÓN, DISTRIBUCIÓN, ETC.
Lugar de publicación, distribución, etc. México :
Nombre del editor, distribuidor, etc. Trillas,
Fecha de publicación, distribución, etc.
300 ## - DESCRIPCIÓN FÍSICA
Extensión 107 p.
440 #0 - MENCIÓN DE SERIE/PUNTO DE ACCESO ADICIONAL--TÍTULO
Título Curso de especialización en producción animal. Área aves (Trillas)
9 (RLIN) 141548
503 ## - NOTA DE HISTORIA BIBLIOGRÁFICA (BK CF MU) [OBSOLETO]
Nota de historia bibliográfica ej.1: C/E \ ej.2: \ ej.3: s/n
504 ## - NOTA DE BIBLIOGRAFÍA, ETC.
Nota de bibliografía, etc. Bibliografía: p. 103
650 ## - PUNTO DE ACCESO ADICIONAL DE MATERIA--TÉRMINO DE MATERIA
Término de materia o nombre geográfico como elemento de entrada Absorción de nutrientes
9 (RLIN) 141549
650 ## - PUNTO DE ACCESO ADICIONAL DE MATERIA--TÉRMINO DE MATERIA
Término de materia o nombre geográfico como elemento de entrada Alimentación de aves de corral
9 (RLIN) 141550
650 ## - PUNTO DE ACCESO ADICIONAL DE MATERIA--TÉRMINO DE MATERIA
Término de materia o nombre geográfico como elemento de entrada Asimilación (fisiología)
9 (RLIN) 141551
650 ## - PUNTO DE ACCESO ADICIONAL DE MATERIA--TÉRMINO DE MATERIA
Término de materia o nombre geográfico como elemento de entrada Fisiología de la nutrición
9 (RLIN) 141552
650 ## - PUNTO DE ACCESO ADICIONAL DE MATERIA--TÉRMINO DE MATERIA
Término de materia o nombre geográfico como elemento de entrada Requerimientos nutritivos
9 (RLIN) 141553
901 ## - ELEMENTOS DE DATOS A LOCAL LDA (RLIN)
a 636.50852 A95
902 ## - ELEMENTOS DE DATOS B LOCAL, LDB (RLIN)
a M
910 ## - DATOS DE OPCIÓN DEL USUARIO (OCLC)
Datos de opción del usuario
942 ## - ELEMENTOS DE PUNTO DE ACCESO ADICIONAL (KOHA)
Tipo de ítem Koha Libro_
942 ## - ELEMENTOS DE PUNTO DE ACCESO ADICIONAL (KOHA)
Tipo de ítem Koha
Holdings
Estado de retiro Estado de pérdida Fuente del sistema de clasificación o colocación Estado dañado Restricciones de uso No para préstamo Código de colección Localización permanente Ubicación/localización actual Fecha de adquisición Fuente de adquisición Signatura topográfica completa Código de barras Fecha visto por última vez Número de copia Precio válido a partir de Tipo de ítem Koha Total de préstamos Fecha del último préstamo Nota pública
    Dewey Decimal Classification   Préstamo interno   General Zootecnia Zootecnia 17/11/1989 Compra 636.50852 A95 z_0136 18/01/2022 Ej.1 18/01/2022 Libro      
    Dewey Decimal Classification   Préstamo interno   General Zootecnia Zootecnia 09/11/2005   636.50852 A95 z_3106 07/08/2024 Ej.3 18/01/2022 Libro 2 07/08/2024  
    Dewey Decimal Classification     Excluido de préstamo General Zootecnia Zootecnia 09/11/2005   636.50852 A95 z_4919 18/01/2022 Ej.2 18/01/2022 Libro     PERDIDO